Slaves from the Tamil coast and European trade around the world, 1547-1792 (Record no. 1435591)

MARC details
000 -LEADER
fixed length control field 00819 a2200241 4500
005 - DATE AND TIME OF LATEST TRANSACTION
control field 20260106122726.0
008 - FIXED-LENGTH DATA ELEMENTS--GENERAL INFORMATION
fixed length control field 260106b |||||||| |||| 00| 0 eng d
020 ## - INTERNATIONAL STANDARD BOOK NUMBER
International Standard Book Number 978-93-6080-075-8 (hbk)
037 ## - SOURCE OF ACQUISITION
Terms of availability TB
040 ## - CATALOGING SOURCE
Original cataloging agency AL
Transcribing agency AL
041 ## - LANGUAGE CODE
Source of code eng
Language code of text/sound track or separate title eng
084 ## - COLON CLASSIFICATION NUMBER
Classification number X:5v5K47->L92 R5
Assigning agency AL
100 ## - MAIN ENTRY--PERSONAL NAME
Personal name Stephen, S. Jeyaseela
9 (RLIN) 821609
245 ## - TITLE STATEMENT
Title Slaves from the Tamil coast and European trade around the world, 1547-1792
260 ## - PUBLICATION, DISTRIBUTION, ETC.
Place of publication, distribution, etc. New Delhi, India:
Name of publisher, distributor, etc. Manohar,
Date of publication, distribution, etc. 2025.
300 ## - PHYSICAL DESCRIPTION
Extent 216p.
365 ## - TRADE PRICE
Price amount 1395
Currency code INR
650 ## - SUBJECT ADDED ENTRY--TOPICAL TERM
Topical term or geographic name entry element Trade History
9 (RLIN) 862168
650 ## - SUBJECT ADDED ENTRY--TOPICAL TERM
Topical term or geographic name entry element Europe History
9 (RLIN) 862169
650 ## - SUBJECT ADDED ENTRY--TOPICAL TERM
Topical term or geographic name entry element Slave Trade History
9 (RLIN) 862170
942 ## - ADDED ENTRY ELEMENTS (KOHA)
Koha item type Textbook
Source of classification or shelving scheme Colon Classification (CC)
Suppress in OPAC No
Classification part X:5v5K47->L92 R5
Holdings
Withdrawn status Lost status Source of classification or shelving scheme Damaged status Not for loan Home library Current library Date acquired Source of acquisition Cost, normal purchase price Inventory number Total Checkouts Full call number Barcode Date last seen Cost, replacement price Price effective from Koha item type
    Colon Classification (CC)     Arts Library Arts Library 2026-01-06 Bright Book Service 1116.00 2511 & 17/10/2025   X:5v5K47->L92 R5 AL1804744 2025-10-10 1395.00 2025-10-10 Textbook
Copyright @ Delhi University Library System